| 000 | 00764cab a22002055a 4500 | ||
|---|---|---|---|
| 001 | L152538 | ||
| 008 | 110325s2011 xxk f 000 0 eng d | ||
| 035 | _a(Sirsi) u152538 | ||
| 041 | 0 | _aeng | |
| 100 | 1 | _aPliener, David | |
| 245 | 0 | 0 |
_aRobinson redux _bbe careful what you wish for |
| 260 | _c2011 | ||
| 490 | 0 |
_aConstruction Law Journal _v27(2) 2011, 117-132(16) |
|
| 520 | _aDiscusses whether the Court of Appeal's decision in Robinson v Jones has finally resolved the issue; construction contracts; contractual liability; duty of care; latent defects; tortious liablity. | ||
| 590 | _aKA | ||
| 651 | 4 |
_aEngland _y886- |
|
| 690 | _aBUILT ENVIRONMENT-CONSTRUCTION MANAGEMENT-BUILDING CONTRACT ADMINISTRATION | ||
| 700 | _aWheater, Michael | ||
| 942 | _n0 | ||
| 999 |
_c82995 _d82995 |
||